LEADER 01079nam a2200229 i 4500 001 000000232424 003 CaOOAMICUS 005 20140828000000.0 008 140828s1970 it u000 u fre u 013 $a211327 040 $aSeMil$bita 245 10$aMélanges bibliques :$ben hommage au R. P. Béda Rigaux /$cpubliés sous la direction de Mgr Albert Descamps et du R. P. André de Halleux. 260 $aGembloux :$bDuculot,$c1970. 300 $aXXVIII, 618 p., [1] p. di ritratto ;$c25 cm. 650 4$aBibbia - Commentari, studi, critica, interpretazioni.$0(OLS)http://semarc/subject/783 700 1 $aRigaux, Bčda.$0(OLS)http://semarc/name/21651 700 1 $aDescamps, Albert.$0(OLS)http://semarc/name/21652 700 1 $aHalleux, André : de,$c.$0(OLS)http://semarc/name/9976 850 $aSeMil 852 $aSeMil$W1$xVenegono$y1$m2Z IV 175$j182770$B182770$CSeMilBibl$Z2$F193792 $81 996 $6245$aMélanges bibliques :$ben hommage au R. P. Béda Rigaux$9(OLS)http://semarc/title/331661 996 $6260$aGembloux :$bDuculot$9(OLS)http://semarc/publisher/40823 LEADER 01119nam a2200253 i 4500 001 000000187518 003 CaOOAMICUS 005 20100318000000.0 008 100318s1940 it u000 u ger u 013 $a165609 040 $aSeMil$bita 100 1 $aRoeck, Alois.$0(OLS)http://semarc/name/68759 245 10$aWandel im Licht :$bSonntagsgedanken im Umlauf des Kirchenjahres /$cAlois Roeck. 260 $aMünchen :$bPustet,$c1940. 260 $aMünchen :$bKösel,$c1940. 300 $a274 p. ;$c19 cm. 650 4$aDomenica - Teologia liturgica.$0(OLS)http://semarc/subject/5937 650 4$aAnno liturgico - Tempo natalizio.$0(OLS)http://semarc/subject/26204 650 4$aAnno liturgico - Tempo pasquale.$0(OLS)http://semarc/subject/35331 850 $aSeMil 852 $aSeMil$W1$xVenegono$y1$m3F II 577$j138205$B138205$CSeMilBibl$Z2$F149655 $81 996 $6245$aWandel im Licht :$bSonntagsgedanken im Umlauf des Kirchenjahres$9(OLS)http://semarc/title/269774 996 $6260$aMünchen :$bKösel$9(OLS)http://semarc/publisher/34068 996 $6260$aMünchen :$bPustet$9(OLS)http://semarc/publisher/50016